[Event "Klubbmesterskapet 2018 (A)"]
[Site "Ås, Akershus NOR"]
[Date "2018.02.01"]
[Round "3"]
[White "Lea, Per"]
[Black "Johnson, David"]
[Result "0-1"]
[WhiteElo "1725"]
[BlackElo "1695"]
[Annotator "Lea, Per"]
[PlyCount "78"]
[EventDate "2018.01.11"]

1. e4 b6 {- og dermed var alle forberedelsene i Jänisch-gambiten forgjeves...}
2. d4 Bb7 3. Nc3 {Spilt på autopilot ("springeren skal utvikles før løperen!").
Men her får svart et stygt press mot e4 når springeren på c3 blir bundet 2
trekk seinere.} (3. Bd3 {må spilles her. Da kan eventuelt springeren utvikles
via d2 seinere. Det tilsynelatende farlige} f5 {skal være godt for hvit:} 4.
exf5 Bxg2 5. Qh5+ g6 6. fxg6 Bg7 7. gxh7+ Kf8 8. Nf3 Nf6 9. Qg6 Bxf3 10. Rg1
Rxh7 11. Qg3 {og hvit har kanskje kompensasjon for offiseren}) 3... e6 4. Nf3
Bb4 5. Bd3 Nf6 6. Qe2 d5 7. exd5 Nxd5 8. Bd2 {Hvitspilleren, materialist til
fingerspissene skjønner ikke at en brukbar stilling med bonde under er bedre
enn en materielt lik stilling med store svakheter} (8. O-O Nxc3 9. bxc3 Bxc3
10. Rb1 Qe7 (10... Bxd4 $2 11. Be4 $1 Nc6 12. Rd1 O-O 13. Bb2 Qe7 14. Nxd4 Nxd4
15. Rxd4 {er supert for hvit}) 11. Rb3 Bb4 12. Bg5 f6 13. Ne5 Nd7 (13... fxg5
14. Qh5+ g6 15. Bxg6+ Kd8 16. Nf7+ {hadde vært et artig alternativ}) 14. Bb5 {
og vi ville hatt en temmelig grisete stilling som ikke hadde vært lett å
vurdere med begrenset tid til rådighet}) 8... Nxc3 9. bxc3 Be7 10. O-O O-O 11.
Be4 Bxe4 12. Qxe4 Nd7 13. Bf4 {Ikke godt å si hva løperen egentlig kan utrette
der. Men hvit må jo gjøre ett eller annet.} (13. c4 {kunne vært et alternativ,
men hvit klarer neppe å kvitte seg med de svake bøndene uansett}) 13... Nf6 14.
Qd3 {Svarts fordel øker trekk for trekk ettersom hvit hele tida finner de nest
beste alternativene - og av og til ikke engang det. Dermed kan svart bare
spille naturlige trekk og bli stående stadig bedre.} Nd5 15. Be3 {Et fortvilet
rop om: "Ta meg, så jeg i det minste kan få en halvåpen tårnlinje og noe som
kan minne om et sterkt bondesentrum!" Svart bytter selvfølgelig ikke sin gode
springer mot hvits råtne løper.} c5 16. Ne5 {Igjen ønsketenkning: svart
tillater selvfølgelig ikke springergaffel på c6. Det er ikke en gang sikkert
den ville vært noe god.} Rc8 17. Bd2 {For en gangs skyld det minst dårlige
alternativet. Men en løpervandring c1-d2-f4-e3-d2 kan ikke være særlig godt.}
Bg5 ({Både} 17... Bd6) ({og} 17... Qc7 {ville opprettholdt den klare fordelen.
Nå er det svart som blir tvunget til en fram-og-tilbakemanøver.}) 18. f4 Be7
19. a3 {Vil for enhver pris unngå at springeren kommer seg til b4 etter c3-c4.
Men det er slett ikke opplagt at det var noe å frykte.} ({Stockfish anbefaler} 
19. f5 {og hvit kan få være medå leke litt til}) 19... Bd6 20. c4 $2 Ne7 21. c3
Qc7 {Det er tvilsomt om c-bonden kan overleve} 22. dxc5 Qxc5+ 23. Be3 Qc7 24.
Ng4 (24. Rad1 Rfd8 25. Bd4 f6 26. Ng4 {er like håpløst}) 24... Rfd8 25. Bd4 Nf5
26. g3 {Åpner opp det som skal vise seg å bli en dødelig diagonal inn mot en
stakkars konge som har blitt presset opp i et hjørne - bokstavelig talt} Bc5
27. Kh1 Nxd4 28. cxd4 Rxd4 29. Qe2 Qc6+ 30. Rf3 (30. Qg2 {er kanskje bedre -
men løser ingen problemer på sikt}) 30... Rcd8 {Svart kan gjøre som han vil -
og høster fruktene av tålmodig oppbygging av en solid stilling.} 31. Ne5 {Ikke
bare er stillingen temmelig håpløs - klokka er et stigende problem} Qb7 32.
Raf1 Rd2 33. Qe1 Bxa3 34. Ng4 Bb4 35. Qe3 Bc5 36. Qe5 ({Når Stockfish kommer
fram til at} 36. Qxc5 {er blant de "bedre" alternativene, da skjønner du at du
har problemer!}) 36... Rd1 37. Qe2 R1d2 38. Qe5 a5 {Siden hvit ikke har noen
muligheter til å få noe som minner om motspill, kan jo svart ta seg tid til et
lite hvileskjær (som potensielt kan ende opp som ny dronning om 4 trekk...)}
39. Nf2 $4 {Egentlig en fingerfeil. Den hadde sett seg ut e3-feltet, men med 7
sekunder igjen på klokka, ble det bare helt feil.} Bxf2 {Her er det
selvfølgelig ingen ting å foreta seg, annet enn å pakke sammen og vandre hjem
i nattemørket, ensom og venneløs...} 0-1

[Event "Klubbmesterskapet 2018 (A)"]
[Site "Ås, Akershus NOR"]
[Date "2018.01.25"]
[Round "3"]
[White "Lange, Holger"]
[Black "Andersen, Odd"]
[Result "1/2-1/2"]
[WhiteElo "1761"]
[BlackElo "1775"]
[PlyCount "84"]

1. e4 e5 2. Nf3 Nc6 3. d4 exd4 4. Bc4 Nf6 5. Ng5 Ne5 6. Bb3 h6 7. f4 hxg5 8.
fxe5 Ng8 9. O-O Nh6 10. Qh5 g6 11. Qxg5 Qxg5 12. Bxg5 Rh7 13. Nd2 Ng4 14. Nf3
Bc5 15. h3 d3+ 16. Kh1 Nf2+ 17. Kh2 d2 18. Nxd2 Ng4+ 19. Kg3 Nxe5 20. Bf4 d6
21. Bxe5 dxe5 22. Nf3 f6 23. Nh4 Be7 24. Nf3 Bd7 25. Rad1 O-O-O 26. Rfe1 Re8
27. Kh2 Bd6 28. Kg1 g5 29. Nh2 Reh8 30. Kf2 Rg7 31. Kf3 Kd8 32. Ng4 Ke7 33. Ne3
c6 34. Nf5+ Bxf5 35. exf5 Rd8 36. Rd3 Kd7 37. Red1 Kc7 38. Be6 Rh7 39. Re1 Rh4
40. Re4 Rdh8 41. Rde3 R4h7 42. Re2 Rd8 1/2-1/2

[Event "Klubbmesterskapet 2018 (A)"]
[Site "Ås, Akershus NOR"]
[Date "2018.01.25"]
[Round "3"]
[White "Kielland-Lund, Jon"]
[Black "Midtgard, Anders"]
[Result "0-1"]
[WhiteElo "1709"]
[BlackElo "1623"]
[PlyCount "32"]
[EventDate "2018.01.11"]

1. c4 b6 2. d4 e6 3. e4 Bb7 4. Bd3 Bb4+ 5. Nc3 f5 6. exf5 Bxg2 7. Qh5+ Kf8 8.
fxe6 dxe6 9. Nge2 Bxh1 10. Nf4 Qf6 11. Bxh7 Ne7 12. Qh3 Kf7 13. Qd3 g6 14. Bd2
Bxc3 15. bxc3 Rxh7 16. O-O-O Qf5 0-1

[Event "Klubbmesterskapet 2018 (A)"]
[Site "Ås, Akershus NOR"]
[Date "2018.01.25"]
[Round "3"]
[White "Bø, Martin"]
[Black "Furnes, Torstein"]
[Result "1-0"]
[WhiteElo "1664"]
[BlackElo "1765"]
[PlyCount "63"]
[EventDate "2018.01.11"]

1. d4 d5 2. c4 e6 3. Nf3 Nf6 4. g3 Bb4+ 5. Bd2 Bxd2+ 6. Nbxd2 O-O 7. Bg2 Nbd7
8. O-O c5 9. cxd5 Nxd5 10. e4 N5f6 11. Re1 cxd4 12. e5 Nd5 13. Nxd4 Qb6 14. Nc4
Qb4 15. Rc1 N7b6 16. a3 Qe7 17. Nxb6 Nxb6 18. Nb5 Rd8 19. Nd6 Rb8 20. Qc2 f6
21. f4 fxe5 22. fxe5 Nd5 23. Nxc8 Rbxc8 24. Qxc8 Rxc8 25. Rxc8+ Kf7 26. Bxd5
exd5 27. e6+ Kg6 28. Rc3 (28. Rc7 $1 Qxc7 29. e7) 28... h5 29. h4 Kf5 $2 30.
Rf3+ Kg4 $2 31. Kg2 g5 32. Re5 1-0

[Event "Klubbmesterskapet 2018 (A)"]
[Site "Ås, Akershus NOR"]
[Date "2018.01.25"]
[Round "3"]
[White "Lund, Petter"]
[Black "Moberg, Jan Rune"]
[Result "1-0"]
[WhiteElo "1658"]
[BlackElo "1690"]
[PlyCount "61"]
[EventDate "2018.01.11"]

1. d4 d6 2. c4 c6 3. Nf3 Nf6 4. Nc3 Nbd7 5. e4 e5 6. Bg5 h6 7. Bh4 Be7 8. Be2
a6 9. O-O g5 10. Bg3 Nh5 11. dxe5 Nxg3 12. hxg3 a5 13. a3 dxe5 14. Qc2 Qc7 15.
Na4 Nf8 16. c5 Be6 17. Rfd1 Rd8 18. Qc3 Ng6 19. Nb6 O-O 20. Qxa5 f5 21. exf5
Bxf5 22. Qc3 Bf6 23. Rxd8 Rxd8 24. Rd1 Kg7 25. Rxd8 Qxd8 26. Qd2 Qe8 27. Nc4
Bb1 28. Nd6 Qd7 29. Bd3 e4 30. Bxb1 exf3 31. Nf5+ 1-0

[Event "Klubbmesterskapet 2018 (B)"]
[Site "Ås, Akershus NOR"]
[Date "2018.02.01"]
[Round "3"]
[White "Rønbeck, Bjørn"]
[Black "Samset, Jon"]
[Result "0-1"]
[WhiteElo "1506"]
[BlackElo "1411"]
[Annotator "Lea, Per"]
[PlyCount "76"]
[EventDate "2018.01.11"]

1. e4 c5 2. c3 e5 3. Bc4 Nf6 4. d3 h6 {Litt vel forsiktig. En hvit løper på g5
er ingen alvorlig trussel. Selv ikke ChessBase har denne stillingen i arkivet.}
5. Nf3 Nc6 6. a3 {Når svart kaster bort et trekk (4... h6) kan vel hvit gjøre
det også?} (6. O-O $2 {er sjablong-trekket}) 6... d5 7. exd5 Nxd5 8. O-O Be6 9.
Bb5 Bd6 10. Re1 Qf6 11. d4 (11. Bxc6+ {med en gang er bedre:} bxc6 12. Nbd2 Bf5
13. d4 cxd4 14. cxd4 Bc7 15. dxe5 Qg6 16. Nh4 {med fordel for hvit}) 11... O-O
$2 12. Bxc6 e4 (12... bxc6 $2 13. dxe5 {og hvit vinner løperen allikevel}) 13.
Rxe4 $4 (13. Bxd5 Bxd5 14. dxc5 Bc6 15. Qxd6 Qxd6 16. cxd6 exf3 17. Nd2 {med
vinststilling for hvit}) 13... bxc6 14. c4 Nf4 15. dxc5 Bc7 $2 (15... Nh3+ 16.
gxh3 (16. Kf1 Bxc5 17. Be3 Bxe3 18. fxe3 (18. Rxe3 Bxc4+ 19. Re2 Rfe8) 18...
Rad8 {er håpløst for hvit}) 16... Qg6+ 17. Rg4 Bxg4 18. hxg4 Qxg4+ 19. Kh1 Bxc5
{Hvit har 2 springere for et tårn, men har foreløpig bare klart å aktivere en
eneste offiser. Stockfish bedømmer stillingen som helt lik.}) 16. Nc3 ({Hvit
burde bli kvitt den godt plasserte springeren på f4 først:} 16. Bxf4 Bxf4 17.
Nc3 {og hvit står best}) 16... Rad8 17. Qe1 $2 {Siden hvit ikke slo på f4, har
ikke dronning adgang til e2-feltet. Men svart griper ikke sjansen han får i
fanget.} Rd3 (17... Nxg2 $1 18. Qe2 (18. Kxg2 Bh3+ 19. Kxh3 Qxf3+ 20. Kh4 Rd3 {
og det er matt i 3 trekk}) 18... Qg6) 18. Re3 (18. Bxf4 Bxf4 19. Qe2 Rfd8 20.
Nd5 cxd5 21. Rxe6 fxe6 22. Qxd3 Qxb2 23. Rd1 {og hvit står litt bedre}) 18...
Nxg2 {For seint!} 19. Kxg2 Qg6+ 20. Kh1 Rxe3 21. Bxe3 $2 {Overser en snedig
dobbel-trussel} ({Etter} 21. fxe3 Qh5 22. Qf2 {kan hvit både gardere matten på
h2 og springeren på f3}) 21... Qh5 22. Qg1 Qxf3+ 23. Qg2 Qxg2+ 24. Kxg2 Bxc4
25. b4 Be5 26. Rc1 Rd8 27. Nd1 Bb3 {Nå er det svart som styrer begivenhetene}
28. Nc3 Rd3 29. Ne2 Bd5+ 30. Kf1 Bxh2 (30... Rxa3 31. Kg1 a6 {er klart best
for svart}) 31. Nf4 Bxf4 32. Bxf4 Rxa3 33. Rb1 Bc4+ 34. Kg1 Rf3 35. Be3 g5 36.
Rc1 Bd5 37. Ra1 Rh3 {En skummel trussel - kanskje hvit er i tidsnød også?} 38.
Rxa7 $4 {Svart hadde store problemer uansett} (38. Kf1 Rh1+ 39. Ke2 Rxa1) (38.
f3 Rxf3 39. Re1 h5 40. b5 cxb5 41. c6 Bxc6 42. Bxa7 {og her hjelper det ikke
hvit at det er ulikefargede løpere}) 38... Rh1# 0-1

[Event "Klubbmesterskapet 2018 (B)"]
[Site "Ås, Akershus NOR"]
[Date "2018.01.25"]
[Round "3"]
[White "Thowsen, Alf Geir"]
[Black "Simonsen, Steinar"]
[Result "0-1"]
[WhiteElo "1403"]
[BlackElo "1514"]
[PlyCount "88"]
[EventDate "2018.01.11"]

1. e4 e5 2. Nf3 Nc6 3. Bb5 Nge7 4. Nc3 d6 5. d3 h6 6. h3 a6 7. Ba4 Be6 8. Be3
b5 9. Bb3 Bxb3 10. axb3 b4 11. Ne2 Ng6 12. Ra4 Be7 13. Qd2 Nh4 14. Nxh4 Bxh4
15. O-O a5 16. Rfa1 Bg5 17. c3 O-O 18. Qc1 Bxe3 19. Qxe3 f5 20. Qd2 Qg5 21.
Qxg5 hxg5 22. cxb4 Nxb4 23. Rxa5 Rxa5 24. Rxa5 Nxd3 25. exf5 Rxf5 26. f3 g6 27.
Rd5 Nf4 28. Rd2 Nxe2+ 29. Rxe2 Kf8 30. Kf2 Ke8 31. Ke3 Rf4 32. Rc2 Kd7 33. Rc4
d5 34. Ra4 Kd6 35. Ra6+ c6 36. Ra4 Kc5 37. g3 Rb4 38. Ra3 Kb5 39. Kd3 c5 40.
Ke3 c4 41. bxc4+ dxc4 42. Ra8 Kc5 43. Rc8+ Kb5 44. Rb8+ Ka4 0-1

[Event "Klubbmesterskapet 2018 (B)"]
[Site "Ås, Akershus NOR"]
[Date "2018.01.25"]
[Round "3"]
[White "Stensland, Martin"]
[Black "Bakken, Svein-Erik"]
[Result "0-1"]
[WhiteElo "1245"]
[BlackElo "1617"]
[PlyCount "76"]
[EventDate "2018.01.11"]

1. Nf3 d5 2. d4 Nf6 3. Nc3 e6 4. a3 c5 5. Bg5 Nc6 6. e3 a6 7. Be2 cxd4 8. exd4
Be7 9. O-O b5 10. Ne5 Qb6 11. Nxc6 Qxc6 12. Bf3 O-O 13. Re1 Bb7 14. Ne2 Rac8
15. c3 Qd7 16. Ng3 h6 17. Bxf6 Bxf6 18. Nh5 Bg5 19. Ng3 Bf4 20. Nf1 a5 21. g3
Bd6 22. Be2 b4 23. axb4 axb4 24. Qb3 bxc3 25. Bb5 Qc7 26. bxc3 Qxc3 27. Qa4 Ra8
28. Qd1 Rxa1 29. Qxa1 Rc8 30. Qa7 Qxe1 31. Qxb7 Rf8 32. Qd7 Qb4 33. Kg2 Be7 34.
Qb7 Bf6 35. Ne3 Qxd4 36. h3 Qb2 37. Ng4 Bd4 38. Qd7 h5 0-1

[Event "Klubbmesterskapet 2018 (B)"]
[Site "Ås, Akershus NOR"]
[Date "2018.01.25"]
[Round "3"]
[White "Lange, Magnus Øyvind"]
[Black "Hjertvik, Even"]
[Result "1-0"]
[WhiteElo "1341"]
[BlackElo "1452"]
[PlyCount "65"]
[EventDate "2018.01.11"]

1. e4 d6 2. d4 Nf6 3. Nc3 Nbd7 4. Nf3 e5 5. dxe5 dxe5 6. Bg5 Be7 7. Bc4 c6 8.
Bxf6 Bxf6 9. O-O O-O 10. Re1 Qc7 11. Re3 b5 12. Bb3 Nc5 13. Ne2 Rd8 14. Qe1
Nxb3 15. axb3 Be6 16. Rc3 h6 17. Ra6 Rd6 18. Rc5 Rad8 19. Qc3 Bd7 20. h3 Qc8
21. Rxa7 Rd1+ 22. Kh2 Qb8 23. Qa5 Qd6 24. b4 Re8 25. Qa6 Rc8 26. Nc3 Rc1 27.
Rd5 Qxb4 28. Rdxd7 Rf8 29. Qa2 Rxc2 30. Rxf7 Rxf7 31. Qxf7+ Kh7 32. Nh4 Bxh4
33. Qxg7# 1-0

[Event "Klubbmesterskapet 2018 (B)"]
[Site "Ås, Akershus NOR"]
[Date "2018.01.25"]
[Round "3"]
[White "Petersen, Rune J"]
[Black "Heien, Aksel"]
[Result "0-1"]
[WhiteElo "1219"]
[BlackElo "1285"]
[PlyCount "122"]
[EventDate "2018.01.11"]

1. d4 d5 2. Nf3 e6 3. Nc3 Bb4 4. Bd2 Nf6 5. e3 Bxc3 6. Bxc3 Nc6 7. Bd3 h6 8.
O-O Qe7 9. h3 h5 10. Ng5 e5 11. dxe5 Nxe5 12. f4 Nc6 13. a3 Qxe3+ 14. Rf2 Qb6
15. Bxf6 gxf6 16. Qe2+ Kf8 17. Nh7+ Kg7 18. Qxh5 Qxb2 19. Rff1 Qd4+ 20. Kh2 f5
21. Qg5+ Kxh7 22. Bxf5+ Bxf5 23. Qxf5+ Kg7 24. Rad1 Qe4 25. Qg5+ Kf8 26. Rxd5
Qe7 27. Qg3 Rd8 28. Re1 Qh4 29. Qxh4 Rxh4 30. Rxd8+ Nxd8 31. g3 Rh6 32. f5 f6
33. h4 c5 34. Kh3 Nc6 35. c3 Kf7 36. Rd1 Ne5 37. Rd5 c4 38. Rc5 Ke8 39. Rc7 b5
40. Rxa7 Nd3 41. a4 bxa4 42. Rxa4 Ne5 43. g4 Kd7 44. Kg3 Rh8 45. g5 fxg5 46.
hxg5 Kd6 47. Kf4 Rh4+ 48. Kg3 Rg4+ 49. Kh3 Rxg5 50. f6 Rf5 51. Ra6+ Nc6 52. Ra4
Kc5 53. Rxc4+ Kxc4 54. Kg4 Rxf6 55. Kg5 Rf1 56. Kh5 Rg1 57. Kh4 Kd5 58. c4+ Ke5
59. c5 Kf4 60. Kh5 Rg2 61. Kh4 Rh2# 0-1

[Event "Klubbmesterskapet 2018 (A)"]
[Site "Ås, Akershus NOR"]
[Date "2018.02.08"]
[Round "4"]
[White "Johnson, David"]
[Black "Moberg, Jan Rune"]
[Result "1-0"]
[WhiteElo "1695"]
[BlackElo "1690"]
[PlyCount "69"]
[EventDate "2018.01.11"]

1. e4 b6 2. d4 Bb7 3. Bd3 e6 4. Nf3 Nf6 5. Bg5 Be7 6. Nc3 h6 7. Bh4 O-O 8. Qe2
Re8 9. O-O-O a5 10. Bxf6 Bxf6 11. e5 Be7 12. h4 d5 13. g4 c5 14. Bb5 Rf8 15.
Rdg1 cxd4 16. Nxd4 Bxh4 17. f4 Be7 18. g5 Bc5 19. Qd2 Bxd4 20. Qxd4 Nc6 21.
Bxc6 Bxc6 22. gxh6 g6 23. f5 Kh7 24. fxg6+ fxg6 25. Qg4 Qe8 26. Rh3 Rg8 27. Ne2
Qe7 28. Nf4 Be8 29. Nxe6 Bd7 30. Ng5+ Kh8 31. e6 Raf8 32. Qd4+ Qf6 33. Qxf6+
Rxf6 34. exd7 Rgf8 35. Re3 1-0

[Event "Klubbmesterskapet 2018 (A)"]
[Site "Ås, Akershus NOR"]
[Date "2018.02.08"]
[Round "4"]
[White "Furnes, Torstein"]
[Black "Lund, Petter"]
[Result "1-0"]
[WhiteElo "1765"]
[BlackElo "1658"]
[Annotator "Furnes, Torstein"]
[PlyCount "71"]
[EventDate "2018.01.11"]

1. d4 Nf6 2. c4 d5 3. cxd5 Qxd5 4. Nc3 Qd8 5. Nf3 Nc6 6. e4 Bg4 7. d5 Ne5 8.
Be2 ({Hvit vinner offiser etter} 8. Nxe5 $3 Bxd1 9. Bb5+ c6 10. dxc6 a6 11. c7+
axb5 12. cxd8=Q+ Rxd8 13. Nxd1 $18) 8... Bxf3 9. Bxf3 e6 10. dxe6 Qxd1+ 11.
Bxd1 Nd3+ 12. Kf1 Nxc1 13. exf7+ Kxf7 14. Rxc1 c6 15. Bb3+ Ke8 16. Ke2 Bd6 17.
g3 Bb4 18. e5 Nd7 19. f4 Ke7 20. Ne4 h6 21. a3 Ba5 22. Nd6 Rab8 23. Rhd1 (23.
Nf5+ Kf8 24. Nh4 Ke8 25. Ng6 Rh7 26. Bg8) 23... Rhf8 24. Bc2 Bc7 25. Nf5+ Rxf5
26. Bxf5 Nb6 27. b4 Rf8 28. Bh3 Bb8 29. Ke3 Nd5+ 30. Ke4 Rd8 31. Rd3 Rf8 32. b5
g5 33. f5 h5 34. bxc6 bxc6 35. Rxc6 Nb6 36. Re6+ 1-0

[Event "Klubbmesterskapet 2018 (A)"]
[Site "Ås, Akershus NOR"]
[Date "2018.02.08"]
[Round "4"]
[White "Lea, Per"]
[Black "Lange, Holger"]
[Result "0-1"]
[WhiteElo "1725"]
[BlackElo "1761"]
[Annotator "Lange,Holger"]
[PlyCount "158"]
[EventDate "2018.01.11"]

1. e4 d5 2. exd5 Qxd5 3. Nc3 Qa5 4. d4 c6 5. Bd2 $6 Qb6 6. Nf3 Bg4 7. Bc4 e6 8.
h3 $2 Bxf3 9. Qxf3 Qxd4 {Det er fortsatt ikke så dårlig for hvit hvis han
spiller De2 nå} 10. Bb3 $6 Qe5+ 11. Qe4 Nd7 12. O-O-O Qxe4 13. Nxe4 Ngf6 14.
Ng5 $2 h6 15. Nf3 Bc5 $17 16. Be3 Bxe3+ 17. fxe3 Ne4 18. Rd4 Ng3 19. Re1 Nf5
20. Rd2 O-O-O 21. Nd4 Ne7 22. e4 Nc5 23. Bc4 Ng6 24. g3 Ne5 25. Bf1 Na4 $6 {
Det var mange like gode trekk her, men det er ikke blant de} 26. Be2 Nc5 27.
Bf1 Rd7 28. Bg2 Nc4 29. Rdd1 Rhd8 30. c3 {klart vunnet stilling for svart} e5
31. b3 Nb6 32. b4 Nca4 33. Ne2 Rxd1+ $2 (33... Rd3 $1 34. Rxd3 Rxd3 35. Kc2 Re3
36. Kd1 Nb2+ 37. Kc2 Nd3 38. Rg1 Nxb4+ $1 39. cxb4 Rxe2+ 40. Kb3 Re3+ 41. Kc2
Rxg3 {0-1}) 34. Rxd1 Rxd1+ 35. Kxd1 Nc4 36. Bf3 Kc7 37. Kc2 b5 38. Nc1 Nab6 39.
Kd3 Kd6 40. Nb3 Na4 41. Nd2 Ncb6 42. g4 c5 43. Kc2 cxb4 44. cxb4 Nc8 45. Be2 a6
46. Nb1 Ne7 47. Nc3 Nxc3 48. Kxc3 Nc6 49. a4 Nd4 50. Bd3 Kc6 51. axb5+ axb5 52.
Bf1 {med remistilbud, som ble høflig avvist. Svart har ingenting å tape her,
men kanskje å vinne?} Ne6 53. Kd3 g6 54. Ke3 Nd4 55. Kd3 Kd6 56. Kc3 Ke6 57.
Bd3 {rettet mot ...f5} Kd6 {Hvor er planen?} 58. Bf1 Kc6 59. Kd3 Ne6 60. Ke3
Nf4 61. h4 f6 62. Kf3 Ne6 63. Ke3 Nd4 {Trusselen er ...Sc2+ som vinner en bonde
} 64. Bd3 $4 {Tapstrekket! Riktig var} (64. Kd3 Kd6 65. Bg2 Ne6 {og det er
vanskelig å komme videre}) 64... Kb6 $1 {Skaffer plass for springeren som
kommer til å vinne bonden b4} 65. h5 gxh5 66. gxh5 Nc6 67. Kf3 Nxb4 68. Bb1 Nc6
69. Ke3 Kc5 70. Kd3 Kb4 71. Bc2 Nd4 72. Bd1 Ne6 73. Bg4 Nf4+ 74. Kc2 Kc4 75.
Kb2 b4 76. Bd1 Nd3+ 77. Kc2 b3+ 78. Kd2 Nc5 79. Ke3 Kc3 {oppgitt. Matt i 15
trekk, sier Stockfish} 0-1

[Event "Klubbmesterskapet 2018 (A)"]
[Site "Ås, Akershus NOR"]
[Date "2018.02.22"]
[Round "4"]
[White "Midtgard, Anders"]
[Black "Bø, Martin"]
[Result "1-0"]
[WhiteElo "1623"]
[BlackElo "1664"]
[PlyCount "55"]
[EventDate "2018.01.11"]

1. d4 Nf6 2. Bf4 g6 3. Nc3 d5 4. e3 c6 5. h4 Bg7 6. Bd3 h5 7. Qf3 O-O 8. Qg3
Nbd7 9. Nf3 b5 10. Ne5 Nxe5 11. dxe5 Ne8 12. Bxg6 fxg6 13. Qxg6 Qd7 14. Qxh5
Qg4 15. Qxg4 Bxg4 16. f3 Bf5 17. O-O-O Nc7 18. g4 Bh7 19. h5 Ne6 20. Ne2 Bxe5
21. Bxe5 Rxf3 22. Bf4 Rf2 23. Rde1 d4 24. Bg3 Rf3 25. exd4 Nxd4 26. Nxd4 Rxg3
27. Rhg1 Rh3 28. g5 1-0

[Event "Klubbmesterskapet 2018 (A)"]
[Site "Ås, Akershus NOR"]
[Date "2018.02.22"]
[Round "4"]
[White "Andersen, Odd"]
[Black "Kielland-Lund, Jon"]
[Result "1-0"]
[WhiteElo "1775"]
[BlackElo "1709"]
[PlyCount "45"]
[EventDate "2018.01.11"]

1. e4 c6 2. d4 d5 3. e5 c5 4. dxc5 e6 5. Be3 Nh6 6. c3 Nf5 7. Bd4 Qc7 8. b4 b6
9. cxb6 axb6 10. a3 Nxd4 11. cxd4 Bxb4+ 12. Nd2 Be7 13. Rc1 Qb7 14. Bb5+ Bd7
15. a4 O-O 16. Ngf3 Nc6 17. O-O Rfc8 18. Qe2 Na5 19. Rxc8+ Rxc8 20. h4 (20. Ba6
Qc7 21. Bxc8 $16) 20... Bxb5 21. Qxb5 Qc7 22. Rb1 Bd8 $4 23. Qe8# 1-0

[Event "Klubbmesterskapet 2018 (B)"]
[Site "Ås, Akershus NOR"]
[Date "2018.02.08"]
[Round "4"]
[White "Bakken, Svein-Erik"]
[Black "Thowsen, Alf Geir"]
[Result "1-0"]
[WhiteElo "1617"]
[BlackElo "1403"]
[PlyCount "57"]
[EventDate "2018.01.11"]

1. d4 Nf6 2. c4 c5 3. e3 e6 4. Nc3 cxd4 5. exd4 d5 6. Bg5 dxc4 7. Bxc4 Be7 8.
Nf3 Nc6 9. O-O O-O 10. h3 b6 11. Rc1 Bb7 12. a3 Rc8 13. Be2 h6 14. Bh4 Re8 15.
Qa4 Na5 16. Rfd1 Bc6 17. Bb5 Bxb5 18. Nxb5 a6 19. Nc3 Rc4 20. Qc2 Nd5 21. Bxe7
Rxe7 22. Qd2 Nb3 23. Qd3 Rec7 24. Rb1 Qc8 25. Nxd5 Nc1 26. Qxc4 exd5 27. Qxd5
Ne2+ 28. Kh1 Nf4 29. Qe4 1-0

[Event "Klubbmesterskapet 2018 (B)"]
[Site "Ås, Akershus NOR"]
[Date "2018.02.08"]
[Round "4"]
[White "Samset, Jon"]
[Black "Lange, Magnus Øyvind"]
[Result "1-0"]
[WhiteElo "1411"]
[BlackElo "1341"]
[Annotator "Lange,Holger"]
[PlyCount "67"]
[EventDate "2018.01.11"]

1. e3 {Ja vel?} e5 2. Nc3 Nf6 3. Nf3 Nc6 4. Bc4 d5 5. Bb3 Bg4 6. Ne2 $2 d4 $2 (
6... Bxf3 7. gxf3 Qd7 $17) 7. exd4 Nxd4 8. Nfxd4 Qxd4 $4 9. Nxd4 Bxd1 10. Nb5
O-O-O 11. Kxd1 Ng4 12. Ke1 Bc5 13. d4 exd4 14. Bxf7 Rd7 $5 15. f3 $2 (15. Be6
$4 Re8 {taper, men}) (15. Bh5 $1 Nf6 16. Bf3 {vinner}) 15... Re7+ 16. Kd2 Bb4+
17. c3 dxc3+ 18. bxc3 Nf2 19. Re1 Rd8+ 20. Kc2 Rxe1 21. cxb4 Re2+ 22. Kb3 Rd3+
23. Ka4 {litt bedre for svart nå} Rc2 $4 (23... a6 24. Na3 b5+ 25. Ka5 $17) 24.
Be6+ Kb8 25. Bf5 $6 a6 26. Bxd3 Nxd3 27. Be3 Nb2+ $4 (27... axb5+ 28. Kxb5 c6+
29. Ka5 Rxg2 $15) 28. Kb3 Re2 29. Nd4 Rxg2 30. Rg1 Rxh2 31. Rxg7 b6 32. Nc6+
Kb7 33. Bf4 Kxc6 34. Bxh2 1-0

[Event "Klubbmesterskapet 2018 (B)"]
[Site "Ås, Akershus NOR"]
[Date "2018.02.08"]
[Round "4"]
[White "Heien, Aksel"]
[Black "Rønbeck, Bjørn"]
[Result "0-1"]
[WhiteElo "1285"]
[BlackElo "1506"]
[PlyCount "110"]
[EventDate "2018.01.11"]

1. Nf3 d5 2. d4 Nc6 3. g3 h6 4. Bg2 Nf6 5. Nc3 Bg4 6. Ne5 Qd6 7. Nxg4 Nxg4 8.
Bf4 Qd7 9. Nxd5 Rc8 10. Nxc7+ Rxc7 11. Bxc7 Qxc7 12. e4 Nf6 13. Qd3 e6 14. a3
Be7 15. f4 O-O 16. e5 Nd7 17. Be4 Rd8 18. Rd1 Nc5 19. Qe3 Nxe4 20. Qxe4 Qa5+
21. c3 Qb5 22. Qc2 Bf8 23. Qe2 Qd5 24. Rg1 Qa5 25. Kf1 Ne7 26. g4 Nd5 27. Qf3
Qb5+ 28. Qe2 Qb3 29. Rd2 Nxf4 30. Qe4 Nh3 31. Rg3 Ng5 32. Qg2 Qb5+ 33. Ke1 Be7
34. h4 Nh7 35. Qh3 Qd5 36. Rh2 f6 37. g5 fxg5 38. hxg5 Qe4+ 39. Kd1 Qb1+ 40.
Ke2 Qxb2+ 41. Kd3 Qb5+ 42. Ke3 Bxg5+ 43. Rxg5 Nxg5 44. Qh5 Rf8 45. Rf2 Rxf2 46.
Kxf2 Qb2+ 47. Qe2 Qxc3 48. Qe3 Qb2+ 49. Kg3 Qb5 50. Kg4 Qd5 51. Qf4 Qb3 52. Qg3
Qd1+ 53. Kh4 Qxd4+ 54. Kh5 Kh8 55. Qg2 g6+ 0-1